| 000 | 00439nam a2200133Ia 4500 | ||
|---|---|---|---|
| 008 | 220620s9999||||xx |||||||||||||| ||und|| | ||
| 020 | _a9780260000000 | ||
| 100 | _aSuber, Peter | ||
| 245 | 0 |
_aKnowledge Unbound _bSelected Writings on Open Access, 2002–2011 |
|
| 546 | _aEnglish[eng] | ||
| 650 | _aLibrary and information services||Open learning, distance education | ||
| 856 | _uhttp://mitpress.mit.edu/9780262029902 | ||
| 942 | _cEB | ||
| 999 |
_c30932 _d30932 |
||